000
00280nam a2200109 4500
008
160704b xxu||||| |||| 00| 0 eng d
100
_9
2004
_a
Chenthoor, K
245
_a
The Cat Spirit
260
_a
N.D
_b
Children Book Trust
_c
2003
300
_a
The Cat Spirit
942
_2
ddc
_c
BK
999
_c
1704
_d
1704